000 00465cam a22001934a 4500
005 20250605164258.0
008 250528s ||||||||||||||||||||||||d
035 _a21959
020 _a9780631202813
040 _aGR-AtMCL
_bgre
_dGR-AtMCL
_eAACR2
245 1 _aPHILOSOPHICAL WRITING
250 _a2
260 _bBlackwell Publishers,
_c1996
300 _a200
700 1 _aMartinich Alyusius P
_97843
942 _cBK
999 _c7015
_d7015